<?xml version="1.0" encoding="UTF-8"?><?xml-stylesheet type="text/xsl" href="static/style.xsl"?><OAI-PMH xmlns="http://www.openarchives.org/OAI/2.0/" xmlns:xsi="http://www.w3.org/2001/XMLSchema-instance" xsi:schemaLocation="http://www.openarchives.org/OAI/2.0/ http://www.openarchives.org/OAI/2.0/OAI-PMH.xsd"><responseDate>2026-04-17T12:00:06Z</responseDate><request verb="GetRecord" identifier="oai:www.recercat.cat:2117/347374" metadataPrefix="marc">https://recercat.cat/oai/request</request><GetRecord><record><header><identifier>oai:recercat.cat:2117/347374</identifier><datestamp>2025-07-23T06:53:31Z</datestamp><setSpec>com_2072_1033</setSpec><setSpec>col_2072_452951</setSpec></header><metadata><record xmlns="http://www.loc.gov/MARC21/slim" xmlns:dcterms="http://purl.org/dc/terms/" xmlns:xsi="http://www.w3.org/2001/XMLSchema-instance" xmlns:doc="http://www.lyncode.com/xoai" xsi:schemaLocation="http://www.loc.gov/MARC21/slim http://www.loc.gov/standards/marcxml/schema/MARC21slim.xsd">
   <leader>00925njm 22002777a 4500</leader>
   <datafield ind2=" " ind1=" " tag="042">
      <subfield code="a">dc</subfield>
   </datafield>
   <datafield ind2=" " ind1=" " tag="720">
      <subfield code="a">Jiménez Rodríguez, Xavier</subfield>
      <subfield code="e">author</subfield>
   </datafield>
   <datafield ind2=" " ind1=" " tag="260">
      <subfield code="c">2020-06-30</subfield>
   </datafield>
   <datafield ind2=" " ind1=" " tag="520">
      <subfield code="a">En els processos de microencapsulació, una part prèvia és la formació de micro/nano emulsions que permeten regular les dimensions finals de les micro/nano partícules. En aquest projecte es realitza un estudi sobre els diferents mètodes de formació de micro/nano emulsions i els diversos condicionants a l’hora de tenir en compte les dimensions i l’estabilitat de les micro/nano emulsions. Aquest estudi s’ha realitzat mitjançant la formació de microemulsions tot seguint la mateixa metodologia amb 2 tipus de components diferents; microemulsions aigua-oli de cànem i aigua-oli d’orenga. Amb aquest mètode d’obtenció de microemulsions es demostra que un dels factors determinants a l’hora d’obtenir micro/nano emulsions és les diferents combinacions dels components.</subfield>
   </datafield>
   <datafield ind2=" " ind1=" " tag="520">
      <subfield code="a">In microencapsulation processes, a previous part is  the formation of micro/nano emulsions that allow to regulate the final dimensions of the micro/nano particles. This project carries out a study on the different methods of forming micro/nano emulsions and the various conditions when considering the dimensions and stability of micro/nano emulsions. This study was performed by forming microemulsions, following the same methodology, using two different types of components: water-hemp oil and water-oregano oil. This method of obtaining microemulsions proves that one of the determining factors in obtaining micro/nano emulsions is the different combinations of components.</subfield>
   </datafield>
   <datafield ind2=" " ind1=" " tag="520">
      <subfield code="a">En los procesos de microencapsulación, una parte previa es la formación de micro / nano emulsiones que permiten regular las dimensiones finales de las micro / nano partículas. En este proyecto se realiza un estudio sobre los diferentes métodos de formación de micro / nano emulsiones y los diversos condicionantes a la hora de tener en cuenta las dimensiones y la estabilidad de las micro / nano emulsiones. Este estudio se ha realizado mediante la formación de microemulsiones siguiendo la misma metodología con 2 tipos de componentes diferentes; microemulsiones agua-aceite de cáñamo y agua-aceite de orégano. Con este método de obtención de microemulsiones se demuestra que uno de los factores determinantes a la hora de obtener micro / nano emulsiones es las diferentes combinaciones de los componentes.</subfield>
   </datafield>
   <datafield tag="653" ind2=" " ind1=" ">
      <subfield code="a">Àrees temàtiques de la UPC::Enginyeria química</subfield>
   </datafield>
   <datafield tag="653" ind2=" " ind1=" ">
      <subfield code="a">Microencapsulation</subfield>
   </datafield>
   <datafield tag="653" ind2=" " ind1=" ">
      <subfield code="a">Emulsions</subfield>
   </datafield>
   <datafield tag="653" ind2=" " ind1=" ">
      <subfield code="a">Emulsió</subfield>
   </datafield>
   <datafield tag="653" ind2=" " ind1=" ">
      <subfield code="a">Microemulsió</subfield>
   </datafield>
   <datafield tag="653" ind2=" " ind1=" ">
      <subfield code="a">Microen</subfield>
   </datafield>
   <datafield tag="653" ind2=" " ind1=" ">
      <subfield code="a">Nanoemulsió</subfield>
   </datafield>
   <datafield tag="653" ind2=" " ind1=" ">
      <subfield code="a">Nanoencapsulació</subfield>
   </datafield>
   <datafield tag="653" ind2=" " ind1=" ">
      <subfield code="a">Microencapsulació</subfield>
   </datafield>
   <datafield tag="653" ind2=" " ind1=" ">
      <subfield code="a">Emulsions</subfield>
   </datafield>
   <datafield ind2="0" ind1="0" tag="245">
      <subfield code="a">Paper de les micro/nano emulsions en els procesos de microencapsulació de principis actius</subfield>
   </datafield>
</record></metadata></record></GetRecord></OAI-PMH>